000 01889cam a22004934i 4500
003 PE-LiUPU
005 20250731173537.0
008 150616s1996 miu rb 000 0 eng d
020 _a0802824412
035 _a(Sirsi) i9780802824417
040 _aPE-LiUPU
_bspa
_cPE-LiUPU
_erda
049 _aPRUA
082 0 4 _a225.07
_bNIGTC1996
_221
100 1 _aDunn, James D. G.,
_d1939-,
_eautor.
245 1 4 _aThe Epistles to the Colossians and to Philemon /
_cJames D. G. Dunn.
264 1 _aGrand Rapids, Michigan :
_bWilliam B. Eerdmans Publishing Company,
_c1996.
300 _a388 páginas ;
_c21 centímetros.
336 _atext
_2rdacontent
337 _aunmediated
_2rdamedia
338 _avolume
_2rdacarrier
490 0 _aThe New International Greek Testament Commentary
504 _aIncluye Bibliografía.
505 0 _aThe epistle to the colossians -- The significance of the letter -- The structure of colossians -- The epistle to philemon -- The author -- The recipient., etc.
526 _aSEG42
526 _aSEG41
526 _aSEG40
526 _aSEG39
526 _aP94
526 _aP87
526 _aP86
526 _aP85
526 _aP77
526 _aP76
526 _aP35
630 _aBiblia.
_pN.T.
_pColosenses
_xComentarios.
630 _aBiblia.
_pN.T.
_pFilemón
_xComentarios.
910 _ajck
_bjvq
_cjck
942 _2ddc
_cBOOK
949 _a225.07 NIGTC 12 1996
_wDEWEY
_c1
_i42491
_d2016-9-21
_e2016-9-18
_lCCODEBUL1
_mBUL
_n2
_r0
_sY
_tBOOK
_u2015-6-16
_xTEOLOGIA
_zUNKNOWN
_0COMPRA
_o.STAFF. Colección General
994 _aC0
_bPEPRU
596 _a1
999 _a225.07 NIGTC 12 1996
_wDEWEY
_c60324
_i42491
_d60324
_e2016-9-18
_f2021-11-9
_g5
_lCCODEBUL1
_mBUL
_n2
_p20.00
_q3
_r0
_sY
_tBOOK
_u2015-6-16
_xTEOLOGIA
_PP35
_0COMPRA
_o.STAFF. Colección Teología
980 _81
_gALBERTO SANCHEZ Responsable de Automatización